000 00544nam a2200205Ia 4500
005 20260429112118.0
008 260429s9999||||xx |||||||||||||| ||und||
020 _a9781032664064
041 _aEnglish
082 _a620.106
_bARM
100 _aArmaghani, Taher
245 0 _aThermal properties of nanofluids /
_cTaher Armaghani
250 _a1st ed.
260 _aBoca Raton :
_bCRC Press,
_c2025.
300 _axiv, 315 p.; hb
650 _a Thermal properties
650 _aNanofluids
700 _a Ghasemiasl, Ramin
942 _cTB
999 _c52410
_d52410